000 00534nam a2200205 4500
001 1232359
005 20180131052531.0
008 681125t19681969nyu b 001 0 eng
010 _a 68030554
040 _aDLC
_cDLC
_dDLC
041 _aeng
080 _a370.1 BRU
082 0 0 _a370.1 BRU
100 1 _a47
101 _aEDU
245 1 0 _aModern philosophies of education,
_cby John S. Brubacher.
504 _aIncludes bibliographical references.
906 _a7
_bcbc
_corignew
_du
_encip
_f19
_gy-gencatlg
942 _2ddc
_cBK
999 _c41373
_d41373